Harmonies economiques / (Record no. 30364)

MARC details
000 -LEADER
campo de control de longitud fija 00648nam a2200217 i 4500
001 - NÚMERO DE CONTROL
campo de control 30364
003 - IDENTIFICADOR DE NÚMERO DE CONTROL
campo de control ES-MaACL
005 - FECHA Y HORA DE LA ÚLTIMA TRANSACCIÓN
campo de control 20250721062557.0
007 - CAMPO FIJO DE DESCRIPCIÓN FÍSICA--INFORMACIÓN GENERAL
campo de control de longitud fija t|
008 - DATOS DE LONGITUD FIJA--INFORMACIÓN GENERAL
campo de control de longitud fija 030124s1860 fr ||||1| fre d
100 1# - ENTRADA PRINCIPAL--NOMBRE DE PERSONA
Nombre de persona Bastiat, Frédéric (
Fechas asociadas al nombre 1801-1850)
9 (RLIN) 26365
245 10 - MENCIÓN DEL TÍTULO
Título Harmonies economiques /
Mención de responsabilidad, etc. Frederic Bastiat.
250 ## - MENCION DE EDICION
Mención de edición 4eme ed., rev. et aug.
260 ## - PUBLICACIÓN, DISTRIBUCIÓN, ETC.
Lugar de publicación, distribución, etc. [S.l. :
Nombre del editor, distribuidor, etc. s.n.,
Fecha de publicación, distribución, etc. 1860] (
Lugar de fabricación/manufactura Saint-Denis :
Fabricante A. Moulin)
300 ## - DESCRIPCIÓN FÍSICA
Extensión 592 p. ;
Dimensiones 18 cm.
490 1# - MENCIÓN DE SERIE
Mención de serie Oeuvres complètes ;
Designación de volumen o secuencia 6
650 07 - PUNTO DE ACCESO ADICIONAL DE MATERIA--TÉRMINO DE MATERIA
Término de materia o nombre geográfico como elemento de entrada Economía
Fuente del encabezamiento o término embne
9 (RLIN) 12006
830 0# - PUNTO DE ACCESO ADICIONAL DE SERIE-TÍTULO UNIFORME
Título uniforme Oeuvres complètes ;
Designación de volumen o secuencia 6
9 (RLIN) 185724
852 ## - LOCALIZACIÓN
Ubicación ES-MaACL
Número de control de estantería C-3530
Holdings
Estatus retirado Estado de pérdida Estado de daño No para préstamo Colección Biblioteca de origen Biblioteca actual Ubicación en estantería Fecha de adquisición Fuente de adquisición Total de préstamos Signatura topográfica completa Código de barras Visto por última vez Precio de reemplazo Tipo de ítem Koha
        Libros del s. XIX Biblioteca del Ateneo de Madrid Biblioteca del Ateneo de Madrid Sala Palomar 17/01/2008     C-3530 1031345 23/02/2023 23/02/2023 Libro impreso antiguo